Geschichte des Peloponnesischen Krieges /

Bibliographic Details
Main Author: Thucydides
Other Authors: Braun, Theodor (Translator)
Format: Book
Language:German
Greek, Ancient (to 1453)
Published: Leipzig : Insel-Verlag, [1917]
Subjects:

MARC

Tag First Indicator Second Indicator Subfields
LEADER 00000cam a2200000 4500
001 in00001112721
005 20150929213944.0
008 750721s1917 gw 000 0 ger d
035 |a (OCoLC)01463375 
035 |9 AFU2677AM 
040 |a GUA  |c GUA  |d m/c  |d TXA  |d UtOrBLW 
041 1 |a ger  |a grc 
049 |a TXAM 
090 |a PA4455  |b .B70 1917 
100 0 |a Thucydides. 
240 1 0 |a Bello peloponnesiaco.  |l German.  |s Brawn.  |f 1917 
245 1 0 |a Geschichte des Peloponnesischen Krieges /  |c [von] Thukydides Übertragen von Theodor Braun. 
264 1 |a Leipzig :  |b Insel-Verlag,  |c [1917] 
300 |a  2 volumes ;  |c 22 cm. 
336 |a text  |b txt  |2 rdacontent 
337 |a unmediated  |b n  |2 rdamedia 
338 |a volume  |b nc  |2 rdacarrier 
651 0 |a Greece  |x History  |y Peloponnesian War, 431-404 B.C. 
700 1 |a Braun, Theodor,  |e translator. 
999 |a MARS 
999 f f |s 97772d44-c28e-39cc-a180-4021d5d3aa4c  |i 68a2ddcc-4c8b-3a49-80cd-d6539861b3b4  |t 0 
952 f f |p ric  |a Texas A&M University  |b Rellis Campus  |c Joint Library Facility  |s JLF  |d Remote Storage  |t 0  |e PA4455 .B70 1917  |h Library of Congress classification  |i unmediated -- volume  |k T.2  |m A14816857496 
952 f f |p ric  |a Texas A&M University  |b Rellis Campus  |c Joint Library Facility  |s JLF  |d Remote Storage  |t 0  |e PA4455 .B70 1917  |h Library of Congress classification  |i unmediated -- volume  |k T.1  |m A14816857446 
998 f f |a PA4455 .B70 1917  |s T.1-T.2  |t 0  |l Remote Storage